Top 3 NBA Players From Each Position - Statistics

General Stats
  • This quiz has been taken 1,937 times
  • The average score is 7 of 15
Answer Stats
Hint Answer % Correct
SF LeBron James
93%
SG Kobe Bryant
72%
SF Kevin Durant
66%
SG Dwyane Wade
58%
PG Russell Westbrook/Rajon Rondo
57%
PG Chris Paul
55%
C Dwight Howard
47%
PF Dirk Nowitzki
42%
SG James Harden
40%
PG Derrick Rose
36%
SF Carmelo Anthony
34%
PF Blake Griffin
27%
C Joakim Noah
19%
PF Kevin Love
18%
C Andrew Bynum
8%
No matching quizzes found
Score Distribution
Percent of People with Each Score
Percentile by Number Answered
Your Score History
You have not taken this quiz